Far, far the mountain peak / (Record no. 82951)
[ view plain ]
| 000 -LEADER | |
|---|---|
| fixed length control field | 00681nam a2200229 a 4500 |
| 001 - CONTROL NUMBER | |
| control field | 82951 |
| 003 - CONTROL NUMBER IDENTIFIER | |
| rucl marc code | BD-RjUL |
| 005 - DATE AND TIME OF LATEST TRANSACTION | |
| control field | 20240205123050.0 |
| 008 - FIXED-LENGTH DATA ELEMENTS--GENERAL INFORMATION | |
| fixed length control field | 650219s1961 enk 000 1 eng d |
| 035 ## - SYSTEM CONTROL NUMBER | |
| System control number | (BD-RjUL)82951 |
| 040 ## - CATALOGING SOURCE | |
| Original cataloging agency | SFU |
| Language of cataloging | eng |
| Transcribing agency | SFU |
| Modifying agency | ANL |
| 041 ## - LANGUAGE CODE | |
| Language code of text/sound track or separate title | eng |
| 082 ## - DEWEY DECIMAL CLASSIFICATION NUMBER | |
| Classification number | 823 |
| Author mark and year | MAF 1961 |
| 100 1# - MAIN ENTRY--PERSONAL NAME | |
| Personal name | Masters, John, |
| Dates associated with a name | 1914-1983. |
| 9 (RLIN) | 10833 |
| 245 10 - TITLE STATEMENT | |
| Title | Far, far the mountain peak / |
| Statement of responsibility, etc. | by John Masters. |
| 260 ## - PUBLICATION, DISTRIBUTION, ETC. (IMPRINT) | |
| Place of publication, distribution, etc. | Harmondsworth, Eng : |
| Name of publisher, distributor, etc. | Penguin in association with Joseph, |
| Date of publication, distribution, etc. | 1961. |
| 300 ## - PHYSICAL DESCRIPTION | |
| Pagination | 395 p. ; |
| Size | 18 cm. |
| 490 1# - SERIES STATEMENT | |
| Series statement | Penguin books ; |
| Volume/sequential designation | 1543 |
| 500 ## - GENERAL NOTE | |
| General note | First published: Michael Joseph, 1957. |
| 830 #0 - SERIES ADDED ENTRY--UNIFORM TITLE | |
| Uniform title | Penguin books ; |
| Volume number/sequential designation | 1543. |
| 942 ## - ADDED ENTRY ELEMENTS (KOHA) | |
| Source of classification or shelving scheme | Dewey Decimal Classification |
| Koha item type | Books |
| Lost status | Source of classification or shelving scheme | Damaged status | Not for loan | Collection code | Permanent Location | Current Location | Shelving location | Date acquired | Source of acquisition | Cost, normal purchase price | Total Checkouts | Full call number | Date last seen | Copy number | Koha item type |
|---|---|---|---|---|---|---|---|---|---|---|---|---|---|---|---|
| Dewey Decimal Classification | Not For Loan | Fiction | Central Library, University of Rajshahi | Central Library, University of Rajshahi | Reading Room | 19/02/1965 | ZEITLINGER | 5.60 | 823 MAF 1961 | 05/02/2024 | C-1 | Books |